00460nam a2200133Ia 4500008004100000100002200041245008500063245005100148260005900199260000900258650001800267650001500285856002600300170221s9999 xx 000 0 und d aIro Sani Abdullah 4aThe Role of Humor in the Construction of Satire in Nigerian Political Cartoons  cIro Sani Abdullah, M.H. Ali, A.M Abdullah, F.S bOnline Journal of Communication and Media Technologies c2015 xCommunication xMedia Arts uhttp://www.ojcmt.net/